Famous People from France by Picture - Statistics

General Stats
  • This quiz has been taken 357 times
  • The average score is 11 of 20
Answer Stats
Picture Answer % Correct
Napoleon Bonaparte
96%
Emmanuel Macron
86%
Marie Antoinette
83%
Kylian Mbappé
82%
Zinedine Zidane
78%
Joan of Arc
77%
Louis Vuitton
76%
Louis XIV
76%
Charles de Gaulle
75%
Thierry Henry
63%
Charlemagne
58%
Edith Piaf
52%
Victor Hugo
42%
David Guetta
38%
Coco Chanel
29%
Catherine Deneuve
26%
Alain Prost
22%
Simone Veil
20%
Claude Monet
18%
Gustave Eiffel
9%
No matching quizzes found
Score Distribution
Percent of People with Each Score
Percentile by Number Answered
Your Score History
You have not taken this quiz